Guess the Nationality of the Footballer - Statistics

General Stats
  • This quiz has been taken 85 times
  • The average score is 18 of 24
Answer Stats
Footballer Country % Correct
Zinedine Zidane France
96%
Mohamed Salah Egypt
90%
Franz Beckenbauer Germany
90%
Zlatan Ibrahimović Sweden
89%
Kaká Brazil
86%
Luka Modrić Croatia
84%
Johan Cruyff Netherlands
84%
Andriy Shevchenko Ukraine
83%
Gareth Bale Wales
83%
Saeed Al-Owairan Saudi Arabia
81%
Sadio Mané Senegal
80%
Didier Drogba Ivory Coast
78%
Cesc Fábregas Spain
76%
Robbie Keane Ireland
75%
Kenny Dalglish Scotland
74%
George Best Northern Ireland
73%
Edinson Cavani Uruguay
73%
Ferenc Puskás Hungary
70%
Samuel Eto'o Cameroon
66%
Arturo Vidal Chile
65%
Pavel Nedvěd Czechia
65%
Gheorghe Hagi Romania
61%
Hristo Stoichkov Bulgaria
60%
George Weah Liberia
60%
No matching quizzes found
Score Distribution
Percent of People with Each Score
Percentile by Number Answered
Your Score History
You have not taken this quiz